000 00538nam a22001817a 4500
005 20161010103147.0
010 _aENG-116192
020 _a9788186038671
_c675.00
035 _aEN-99724
037 _bDBAD/PUB
082 _a657
100 _aKalsie,Anjala
245 _aFinance for non- finance /
_cby Anjala Kalsie [and] Jappanjyot kaur Kalra
260 _aDelhi
_bShree Kala Prakashan
_c2013
270 _a42/43,U.B. Jawahar Nagar
_bDelhi
_e110007
300 _axv,178p.
_c24cm(pbk)
942 _2ddc
_cEN
_h657
_mKAL
999 _c103937
_d103937